Kỹ thuật nuôi tôm sú, tôm càng xanh, ba ba

Uloženo v:
Podrobná bibliografie
Hlavní autor: Việt Chương
Médium: Kniha
Jazyk:Undetermined
Vydáno: Tp. HCM Tp. HCM 2003
Témata:
Tagy: Přidat tag
Žádné tagy, Buďte první, kdo otaguje tento záznam!
Thư viện lưu trữ: Trung tâm Học liệu Trường Đại học Cần Thơ
LEADER 00517nam a2200193Ia 4500
001 CTU_58805
008 210402s9999 xx 000 0 und d
020 |b 8000 
082 |a 639.58 
082 |b V308 
100 |a Việt Chương 
245 0 |a Kỹ thuật nuôi tôm sú, tôm càng xanh, ba ba 
245 0 |c Việt Chương 
260 |a Tp. HCM 
260 |b Tp. HCM 
260 |c 2003 
650 |a shrimp culture 
904 |i Minh 
980 |a Trung tâm Học liệu Trường Đại học Cần Thơ